Statistics for Cold War Military Aircraft - Picture Quiz #1

Click here to take the quiz!

General Stats

  • This quiz has been taken 453 times
  • The average score is 9 of 15

Answer Stats

Answer% Correct
Grumman F-14 Tomcat
89%
North American F-86 Sabre
82%
Bell UH-1 Iroquois
80%
Rockwell B-1 Lancer
79%
Mil Mi-24
70%
General Dynamics F-111 Aardvark
69%
Lockheed C-5 Galaxy
67%
Sukhoi Su-27
67%
English Electric Lightning
61%
English Electric Canberra
55%
Saab 35 Draken
54%
Convair B-36 Peacemaker
52%
Panavia Tornado
52%
Handley Page Victor
42%
Antonov An-22
27%

Score Distribution

Percentile by Number Answered

Percent of People with Each Score

Your Score History

You have not taken this quiz